000
00297nam a22001337a 4500
020
_a
81-7302-340-9
082
_a
425
_b
SHA/M
100
_a
SHARMA,S.L.N
245
_a
MODALS & SENTENCE
260
_a
BANGALORE
_b
NAVAKARNATAKA
300
_a
40
650
_a
MODALS & SENTENCE
_z
KARNATAKA
942
_c
BK
999
_c
3852
_d
3852